| 000 | 00412nam a22001457a 4500 | ||
|---|---|---|---|
| 005 | 20241024113738.0 | ||
| 008 | 241024b |||||||| |||| 00| 0 eng d | ||
| 020 | _a9789988032074 | ||
| 050 | _aKRX2810.A32005 AGY | ||
| 100 |
_aDua-Agyeman Edward _d2011 |
||
| 245 |
_aPrinciples and Practices of Taxation in Ghana/ _hText |
||
| 300 |
_axlii, 313 pages _bappendix _c20cm |
||
| 650 | _2Taxation Law | ||
| 942 |
_2lcc _cBK _n0 |
||
| 999 |
_c169 _d169 |
||